000 01319nam0a22003011 4500
001 rc\3978686
005 20260406121149.0
021 _aRU
_b[56-66261]
035 _a(NLR Aleph) 007900718
090 _a8036245
_c8036245
100 _a20130415d1956 |||y0rusy50 ca
101 0 _arus
102 _aRU
105 _aa z |||||
200 1 _aПрименение аэрометодов для геологических исследований морского дна
_eКраткое метод. руководство
_fПод ред. В.В. Шаркова и Д.М. Кудрицкого
_gАкад. наук СССР. Лаборатория аэрометодов
210 _aЛенинград
_cГостоптехиздат. Ленингр. отд-ние
_d1956
215 _a256 с.
_cил.
_d22
320 _aБиблиогр.: с. 252-255
606 _aМоре
_xГеология
_2psbo
606 _aМорское дно
_xАэрофотосъемка
_2psbo
702 1 _aКудриццкий
_bД.М.
_4340
702 1 _aШарков
_bВ.В.
_gВиталий Васильевич
_4340
712 0 2 _aАН СССР
_bЛаборатория аэрометодов
_3RU\NLR\AUTH\8813702
_9300450
801 0 _aRU
_bNLR
_gpsbo
801 1 _aRU
_bELAR
_2rusmarc
852 _aNLR
_j57-5/32
942 _cBOOK
980 _aNB